Bài tập cơ sở lý thuyết hoá hữu cơ /
Nội dung cuốn sách gồm 2 phần chính :
محفوظ في:
| المؤلف الرئيسي: | |
|---|---|
| التنسيق: | كتاب |
| اللغة: | Vietnamese |
| منشور في: |
H. :
Khoa học kỹ thuật ,
2005
|
| الطبعة: | In lần thứ 1 |
| الموضوعات: | |
| الوسوم: |
إضافة وسم
لا توجد وسوم, كن أول من يضع وسما على هذه التسجيلة!
|
| Thư viện lưu trữ: | Thư viện Trường CĐ Kỹ Thuật Cao Thắng |
|---|
| LEADER | 01468nam a2200397 a 4500 | ||
|---|---|---|---|
| 001 | TVCDKTCT4813 | ||
| 003 | Thư viện trường Cao đẳng Kỹ thuật Cao Thắng | ||
| 005 | 20170529152042.2 | ||
| 008 | 060419 | ||
| 980 | \ | \ | |a Thư viện Trường CĐ Kỹ Thuật Cao Thắng |
| 024 | |a RG_1 #1 eb0 i1 i5 | ||
| 041 | 0 | # | |a vie |
| 082 | # | # | |a 547 / |b TH103T-b |
| 100 | 1 | # | |a Thái Dỗn Tĩnh |
| 245 | 0 | 0 | |a Bài tập cơ sở lý thuyết hoá hữu cơ / |c Thái Dỗn Tĩnh |
| 250 | # | # | |a In lần thứ 1 |
| 260 | # | # | |a H. : |b Khoa học kỹ thuật , |c 2005 |
| 300 | # | # | |a 355tr. ; |c 27cm |
| 520 | # | # | |a Nội dung cuốn sách gồm 2 phần chính : |
| 520 | # | # | |a Phần 1: Câu hỏi và bài tập (gồm 14 chương). |
| 520 | # | # | |a Phần 2: Lời giải và hướng dẫn giải (gồm 14 chương). |
| 650 | # | 4 | |a Bài tập |
| 650 | # | 4 | |a Cơ sở lý thuyết |
| 650 | # | 4 | |a Hoá học |
| 721 | # | # | |a CN Tự động |
| 721 | # | # | |a CNKT Cơ điện tử |
| 721 | # | # | |a CNKT Cơ khí |
| 721 | # | # | |a CNKT Điện |
| 721 | # | # | |a CNKT Điện tử |
| 721 | # | # | |a CNKT Điện tử viễn thông |
| 721 | # | # | |a CNKT Nhiệt lạnh |
| 721 | # | # | |a CNKT Ô tô |
| 721 | # | # | |a Công nghệ thông tin |
| 721 | # | # | |a Kế Toán |
| 841 | # | # | |b Kho Sách |j 100015637, 100015638, 100015639 |
| 841 | # | # | |b Kho Tra Cứu |j 500001202, 500001203 |